| 000 | 01045nam a2200253 i 4500 | ||
|---|---|---|---|
| 003 | DO-SdBNP | ||
| 005 | 20240209073822.0 | ||
| 006 | a||||fr|||| 00| 0 | ||
| 007 | ta | ||
| 008 | 240208e2006 dr ac||| gl|| 00| 0 spa d | ||
| 040 |
_aDO-SdBNP _bspa _cBNPHU _erda |
||
| 082 | 4 |
_222 _bR426s |
|
| 110 | 1 |
_aRepública Dominicana. _bSenado _956961 _4autor |
|
| 245 | 1 | 0 |
_aSenado / senadores / constitución /. _cFotografía, Juan Hernández. |
| 264 | 1 |
_aSanto Domingo : _bSenado de la República Dominicana, _c2006 |
|
| 300 |
_a176 páginas : _bIlustraciones, retratos ; _c13 cm. |
||
| 336 |
_2rdacontent _atexto _btxt |
||
| 337 |
_2rdamedia _asin mediación _bn |
||
| 338 |
_2rdacarrier _avolumen _bnc |
||
| 505 |
_aPresentación de la Constitución. _tEvolución de la Constitución.-- _tListado de Senadores de la República.-- _tListado de Congresista de la República.-- _tGalería Fotográfica de Senadores.-- _tConstitución de la República. |
||
| 590 | _aInventariado 2024 / MF | ||
| 700 | 1 |
_aHernández, Juan, _936041 _efotografía |
|
| 942 |
_2ddc _cLBS1 |
||
| 999 |
_c55874 _d55874 |
||